000 01388nam a2200241 a 4500
008 191129s2011 ||||||||||||||||| || u
020 _a9781437717303
050 _aRK 280 Bat
100 _aFehrenbach, Margaret J
245 1 0 _aIllustrated dental embryology, histology, and anatomy (third edition)
_cBy Mary Bath-Balogh ; Margaret J. Fehrenbach
250 _a3rd edition
260 _aMissouri
_bElsevier Saunders
_c2011
300 _ax, 334 pages : illustrations
350 _a25.00
650 _aTOOTH--EMBRYOLOGY
650 _aMOUTH--ANATOMY AND HISTOLOGY
650 3 _aTOOTH--ANATOMY AND HISTOLOGY
700 _aBath-Balogh, Mary
995 _aMEDICAL LIBRARY OPEN ACCESS
_e904647
_FCBU-SCHOOL OF MEDICINE LIBRARY (Ndola)
_I25.00
_jRK 280 Bat
_M4
_UAVAILABLE
_WDec 13, 2019
_y904647
_ZMedical Library Open Access Collection
995 _aMEDICAL LIBRARY OPEN ACCESS
_e904645
_FCBU-SCHOOL OF MEDICINE LIBRARY (Ndola)
_I25.00
_jRK 280 Bat
_M2
_UAVAILABLE
_WDec 13, 2019
_y904645
_ZMedical Library Open Access Collection
995 _aMEDICAL LIBRARY OPEN ACCESS
_e904644
_FCBU-SCHOOL OF MEDICINE LIBRARY (Ndola)
_I25.00
_jRK 280 Bat
_M1
_UAVAILABLE
_WDec 13, 2019
_y904644
_ZMedical Library Open Access Collection
995 _aMEDICAL LIBRARY OPEN ACCESS
_e904646
_FCBU-SCHOOL OF MEDICINE LIBRARY (Ndola)
_I25.00
_jRK 280 Bat
_M3
_UAVAILABLE
_WDec 13, 2019
_y904646
_ZMedical Library Open Access Collection
999 _c64100
_d64100